| 000 | 00546nam a2200169 a 4500 | ||
|---|---|---|---|
| 001 | 3673 | ||
| 003 | CDMR | ||
| 005 | 20130320112949.0 | ||
| 008 | 130130s1996||||||||||||||||||||||||||||d | ||
| 020 | _a8488645988 | ||
| 040 |
_aCDMR _bcat _cCPC LLEIDA |
||
| 245 | 0 | 3 |
_aUn mas pirinenc medieval, Vilosiu B (Cercs, Berguedà) _b: estudi dels edificis i materials trobats durant les excavacions : (1984-1986) _cBOLÓS, Jordi |
| 260 |
_aLleida _c1996 _bUniversitat de Lleida |
||
| 490 | 0 |
_aEspai/Temps _v26 |
|
| 700 | 1 |
_92217 _aBolòs, Jordi |
|
| 942 |
_cMON _2udc |
||
| 999 |
_c3673 _d3673 |
||